| 000 | 00391nam a22001217a 4500 | ||
|---|---|---|---|
| 008 | 230629b xxu||||| |||| 00| 0 eng d | ||
| 082 |
_a334.2 _bPSS |
||
| 100 | _cParliamentarians Sacco Society | ||
| 245 | _aBy Laws and Loan Policy of Parliamentarians Savings and Credit Co-operative Society Limited | ||
| 260 |
_aNairobi _bParliamentarians Sacco Society ltd |
||
| 300 | _a6p | ||
| 942 |
_2ddc _cBK |
||
| 999 |
_c2950 _d2950 |
||